| 000 | 00395pab a2200145 454500 | ||
|---|---|---|---|
| 008 | 180718b1989 xxu||||| |||| 00| 0 eng d | ||
| 100 | _aKanth, Amod | ||
| 245 |
_aMetropolitan police department, Tokyo _bA comparison with Delhi Police |
||
| 260 | _c1989 | ||
| 300 | _a11-17 | ||
| 362 | _aJan.-Mar. | ||
| 650 | _aPolice, Metropolitan - Japan | ||
| 773 | _aIndian Police Journal | ||
| 909 | _a15203 | ||
| 999 |
_c15203 _d15203 |
||